Systém včasného varovania a možnosti jeho využitia pri prevencii konfliktov v medzinárodných vzťahoch
Politický systém včasného varovania má za cieľ zvyšovanie úrovne schopnosti politických lídrov identifikovať kritický vývoj včas, aby politické stratégie boli formulované tak, aby zabránili alebo obmedzili deštruktívne účinky konfliktov alebo identifikovali príležitosti pre budovanie mieru.
Gespeichert in:
| 1. Verfasser: | |
|---|---|
| Format: | Buchkapitel |
| Sprache: | Slowakisch |
| Schlagworte: | |
| Tags: |
Keine Tags, Fügen Sie das erste Tag hinzu!
|
MARC
| LEADER | 00000nla a2200000 4500 | ||
|---|---|---|---|
| 001 | 0182926 | ||
| 005 | 20221020081924.7 | ||
| 041 | 0 | |a slo | |
| 044 | |a SK | ||
| 245 | 1 | 0 | |a Systém včasného varovania a možnosti jeho využitia pri prevencii konfliktov v medzinárodných vzťahoch |c Rastislav Kazanský |
| 520 | |a Politický systém včasného varovania má za cieľ zvyšovanie úrovne schopnosti politických lídrov identifikovať kritický vývoj včas, aby politické stratégie boli formulované tak, aby zabránili alebo obmedzili deštruktívne účinky konfliktov alebo identifikovali príležitosti pre budovanie mieru. | ||
| 610 | 2 | 0 | |a vzťahy medzinárodné |
| 610 | 2 | 0 | |a politika bezpečnostná |
| 610 | 2 | 0 | |a konflikty medzinárodné |
| 610 | 2 | 0 | |a bezpečnosť medzinárodná |
| 610 | 2 | 0 | |a prevencia |
| 100 | 1 | |a Kazanský, Rastislav | |